Flora of Visakhapatnam district Andhra Pradesh volume II (Record no. 42413)
[ view plain ]
| 000 -LEADER | |
|---|---|
| fixed length control field | 00865nam a22002177a 4500 |
| 005 - DATE AND TIME OF LATEST TRANSACTION | |
| control field | 20100818140620.0 |
| 010 ## - LCCN (DPL NO) | |
| LC control number | ENG-100856 |
| 020 ## - INTERNATIONAL STANDARD BOOK NUMBER | |
| International Standard Book Number | 8181770242( vol II) |
| Terms of availability | 448.00 |
| 035 ## - SYSTEM CONTROL NUMBER | |
| System control number | EN-84389 |
| 037 ## - SOURCE OF ACQUISITION | |
| Source of stock number/acquisition | DBAD/PUB |
| 082 ## - DEWEY DECIMAL CLASSIFICATION NUMBER | |
| Classification number | 581.954 |
| 100 ## - MAIN ENTRY--PERSONAL NAME | |
| Personal name | Subba Rao, G V |
| 245 ## - TITLE STATEMENT | |
| Title | Flora of Visakhapatnam district Andhra Pradesh volume II |
| Statement of responsibility, etc | by G V Subba rao [and] G R Kumari ; edited by P S N Rao |
| 260 ## - PUBLICATION, DISTRIBUTION, ETC. (IMPRINT) | |
| Place of publication, distribution, etc | Kolkata |
| Name of publisher, distributor, etc | Botanical Survey of India |
| Date of publication, distribution, etc | 2008 |
| 270 ## - ADDRESS | |
| Address | C G O Complex 3rd M S O Building DF -Block Salt Lake City |
| City | Kolkata |
| Postal code | 700064 |
| 300 ## - PHYSICAL DESCRIPTION | |
| Extent | V. 2.(536p) |
| Dimensions | 24cm(Hb) |
| 700 ## - ADDED ENTRY--PERSONAL NAME | |
| Personal name | G R Kumari |
| 9 (RLIN) | 14761 |
| 700 ## - ADDED ENTRY--PERSONAL NAME | |
| Personal name | Rao P S N |
| 9 (RLIN) | 14762 |
| 942 ## - ADDED ENTRY ELEMENTS (KOHA) | |
| Source of classification or shelving scheme | Dewey Decimal Classification |
| Item type | English Books |
| Classification part | 581.954 |
| Call number suffix | RAO |
| Withdrawn status | Lost status | Materials specified (bound volume or other part) | Not for loan | Collection code | Home library | Current library | Date acquired | Source of acquisition | Cost, normal purchase price | Full call number | Barcode | Copy number | Cost, replacement price | Koha item type | Public note |
|---|---|---|---|---|---|---|---|---|---|---|---|---|---|---|---|
| v2 | Not For Loan | Non-fiction | D.B.Act.Division | D.B.Act.Division | 18/08/2010 | DBAD/PUB | 448.00 | 581.954 RAO | EN-84389 | 1 | 448.00 | English Books | v2 |
